00537nam a2200193Ia 450000500170000000800410001702000110005804000190006904100120008808200130010010000200011324500490013325000210018226000430020330000350024650400340028165000180031585000100033320220513111300.0131103s9999 xx 000 0 und d cRs. 15 aLoreto College aEnglish a549bSIN aSinkankar, John aMineralogyb a first course cJohn Sinkankar aan east-west ed. aNew YorkbVan Nostr and Reinholdc1969 avii,587 p.b ill., 327 figures aIncludes appendices and index aMineralogy -  aLCLIB